| 000 | 00658nam 22001933 4500 | ||
|---|---|---|---|
| 001 | 199275 | ||
| 090 | _a199275 | ||
| 100 | _a20251126d u||y0pory50 ba | ||
| 101 | _apor | ||
| 200 |
_aA Atitude Não-Directiva de Carl Rogers _fHubert Hannoun _gTradução de Rogério Fernandes |
||
| 210 |
_aLisboa _cLivros Horizonte _d1980 |
||
| 215 |
_a235, [5] p. _cBrochado _d21 cm |
||
| 225 |
_aBiblioteca do Educador Profissional _fDireção de Rui Grácio _v55 |
||
| 606 |
_95170 _aCiências Sociais Educação |
||
| 675 |
_a371.3/HAN/ATI _vPT _zpor |
||
| 700 |
_915174 _aHannoun _bHubert |
||
| 801 |
_aPT _bBMMN _gRPC |
||
| 830 |
_cCarlos Pinto _d26-11-2025 _fCarlos Pinto |
||
| 990 | _cLIVROS | ||